VMware vSphere and virtual infrastructure security : (Record no. 590641)
[ view plain ]
| 000 -LEADER | |
|---|---|
| fixed length control field | 01431cam a2200301 a 4500 |
| 001 - CONTROL NUMBER | |
| control field | 15725640 |
| 003 - CONTROL NUMBER IDENTIFIER | |
| control field | NUST |
| 005 - DATE AND TIME OF LATEST TRANSACTION | |
| control field | 20230818112836.0 |
| 008 - FIXED-LENGTH DATA ELEMENTS--GENERAL INFORMATION | |
| fixed length control field | 090505s2009 njua 001 0 eng |
| 010 ## - LIBRARY OF CONGRESS CONTROL NUMBER | |
| LC control number | 2009018924 |
| 015 ## - NATIONAL BIBLIOGRAPHY NUMBER | |
| National bibliography number | GBA951285 |
| Source | bnb |
| 016 7# - NATIONAL BIBLIOGRAPHIC AGENCY CONTROL NUMBER | |
| Record control number | 015265283 |
| Source | Uk |
| 020 ## - INTERNATIONAL STANDARD BOOK NUMBER | |
| Terms of availability | 9780137158003 (pbk. : alk. paper) |
| 020 ## - INTERNATIONAL STANDARD BOOK NUMBER | |
| Terms of availability | 0137158009 (pbk. : alk. paper) |
| 035 ## - SYSTEM CONTROL NUMBER | |
| System control number | (OCoLC)ocn316017603 |
| 040 ## - CATALOGING SOURCE | |
| Original cataloging agency | 0 |
| 082 00 - DEWEY DECIMAL CLASSIFICATION NUMBER | |
| Classification number | 005.8,HAL |
| 100 1# - MAIN ENTRY--PERSONAL NAME | |
| Personal name | Haletky, Edward. |
| 9 (RLIN) | 95192 |
| 245 10 - TITLE STATEMENT | |
| Title | VMware vSphere and virtual infrastructure security : |
| Remainder of title | securing the virtual environment / |
| Statement of responsibility, etc. | Edward L. Haletky. |
| 260 ## - PUBLICATION, DISTRIBUTION, ETC. | |
| Place of publication, distribution, etc. | Upper Saddle River, NJ. : |
| Name of publisher, distributor, etc. | Prentice Hall, |
| Date of publication, distribution, etc. | c2009. |
| 300 ## - PHYSICAL DESCRIPTION | |
| Extent | xxx, 521 p. : |
| Other physical details | ill. ; |
| Dimensions | 24 cm. |
| 505 ## - FORMATTED CONTENTS NOTE | |
| Formatted contents note | What is a Security Threat? (Page-1), Holistic View from the Bottom Up (Page-15), Understanding VMware vSphere and Virtual Infrastructure Security (Page-59), Storage and Security (Page-117),Deployment and Management (Page-147), Operations and Security (Page-199), Virtual Machines and Security (Page-219), Virtual Networking Security (Page-255),Virtual Desktop Security (Page-315), Security and VMware ESX (Page-343),Digital Forensic and Data Recovery (Page-397). |
| 630 00 - SUBJECT ADDED ENTRY--UNIFORM TITLE | |
| Uniform title | VMware vSphere. |
| 9 (RLIN) | 95193 |
| 650 #0 - SUBJECT ADDED ENTRY--TOPICAL TERM | |
| Topical term or geographic name entry element | Virtual computer systems |
| General subdivision | Security measures. |
| 9 (RLIN) | 95194 |
| 650 #0 - SUBJECT ADDED ENTRY--TOPICAL TERM | |
| Topical term or geographic name entry element | Cloud computing |
| General subdivision | Security measures. |
| 9 (RLIN) | 95195 |
| 650 #0 - SUBJECT ADDED ENTRY--TOPICAL TERM | |
| Topical term or geographic name entry element | Computer security. |
| 9 (RLIN) | 570 |
| 942 ## - ADDED ENTRY ELEMENTS (KOHA) | |
| Source of classification or shelving scheme | |
| Koha item type | Reference |
| Withdrawn status | Lost status | Source of classification or shelving scheme | Damaged status | Not for loan | Permanent Location | Current Location | Shelving location | Date acquired | Full call number | Barcode | Date last seen | Price effective from | Koha item type | Public note |
|---|---|---|---|---|---|---|---|---|---|---|---|---|---|---|
| Military College of Signals (MCS) | Military College of Signals (MCS) | Reference | 07/26/2022 | 005.8,HAL | MCS37481 | 07/26/2022 | 07/26/2022 | Book | Almirah No.18, Shelf No.2 |
